Ч. 1; Новая глобальная тектоника (тектоника плит)

Dades bibliogràfiques
Parent link:Новая глобальная тектоника (тектоника плит): библиография (1961-1976)/ Академия наук СССР (АН СССР), Сибирское отделение (СО), Институт геологии и геофизики (ИГиГ) ; сост. Ч. Б. Борукаев ; Д. Х. Гик. Ч. 1.— , 1982
Idioma:rus
Publicat: 1982
Matèries:
Format: MixedMaterials Llibre
KOHA link:https://koha.lib.tpu.ru/cgi-bin/koha/opac-detail.pl?biblionumber=315155

MARC

LEADER 00000nam2a2200000 4500
001 315155
005 20231102002741.0
035 |a (RuTPU)RU\TPU\book\340588 
090 |a 315155 
100 |a 20160226d1982 k y0rusy50 ca 
101 0 |a rus 
102 |a RU 
105 |a y z 000zy 
200 0 |a Ч. 1 
210 |d 1982 
215 |a 176 с. 
461 1 |0 (RuTPU)RU\TPU\book\362780  |t Новая глобальная тектоника (тектоника плит)  |o библиография (1961-1976)  |o в 2 ч.  |f Академия наук СССР (АН СССР), Сибирское отделение (СО), Институт геологии и геофизики (ИГиГ) ; сост. Ч. Б. Борукаев ; Д. Х. Гик  |v Ч. 1  |d 1982 
606 |a Тектоника  |2 stltpush  |3 (RuTPU)RU\TPU\subj\58770  |9 76521 
606 |a Библиографические пособия  |x По геологии  |2 stltpush  |3 (RuTPU)RU\TPU\subj\28563  |9 52081 
610 1 |a геофизика 
610 1 |a литосфера 
610 1 |a кинематика 
610 1 |a динамика 
610 1 |a конвекция 
610 1 |a мантия 
610 1 |a раздвижение 
610 1 |a дно 
610 1 |a океаны 
610 1 |a литосферные плиты 
610 1 |a континенты 
610 1 |a строение 
610 1 |a полезные ископаемые 
675 |a 551.24  |v 4 
686 |a Я19:55  |2 rubbk 
801 1 |a RU  |b 63413507  |c 20160226 
801 2 |a RU  |b 63413507  |c 20171013  |g RCR 
942 |c BK